| 000 | 00647nam a22002057a 4500 | ||
|---|---|---|---|
| 003 | 0 | ||
| 005 | 20241119105239.0 | ||
| 008 | 241119b xxu||||| |||| 00| 0 eng d | ||
| 020 | _a9781032146102 | ||
| 050 |
_aH 61.295 _b.C53 2023 |
||
| 100 |
_aClandinin, D. Jean, _eauthor. |
||
| 245 |
_aEngaging in narrative inquiry / _cD. Jean Clandinin. |
||
| 250 | _a2nd ed. | ||
| 260 |
_aNew York, NY : _bRoutledge, _c2023. |
||
| 300 |
_aix, 166 p. : _bill. ; _c26 cm. |
||
| 504 | _aIncludes bibliographical references and index. | ||
| 650 | _aNarrative inquiry (research method). | ||
| 650 |
_aSocial sciences _vResearch _xMethodology. |
||
| 942 |
_2lcc _cBK |
||
| 999 |
_c366762 _d366762 |
||